000 00559nmm a2200169Ia 4500
008 251105s9999||||xx |||||||||||||||||und||
020 _a9789681604134
041 _aspa
100 _aBastian, Jean Pierre
245 0 _aLos disidentes :
_b Sociedades protestantes y revolución en México, 1872-1911
264 _a[México D.C., Mexico] :
_bFondo de Cultura Económica,
_c2015
300 _a373 páginas
490 _aHistoria
650 _aHistory of the Americas: Latin America
856 _uhttps://public.digitaliapublishing.com/a/43649
942 _cCF
999 _c96726
_d96726